Business loans from family & friends : (Record no. 17412)

000 -LEADER
fixed length control field 00740cam a2200241 a 4500
020 ## - INTERNATIONAL STANDARD BOOK NUMBER
ISBN 9781413310788 (pbk.)
020 ## - INTERNATIONAL STANDARD BOOK NUMBER
ISBN 1413310788 (pbk.)
040 ## - CATALOGING SOURCE
Transcribing agency DLC
082 00 - DEWEY DECIMAL CLASSIFICATION NUMBER
Classification number 658 NOL 2009 A114 Or.
100 1# - MAIN ENTRY--AUTHOR NAME
Personal name Advani, Asheesh,
245 10 - TITLE STATEMENT
Title Business loans from family & friends :
Remainder of title how to ask, make it legal & make it work /
246 3# - VARYING FORM OF TITLE
Title proper/short title Business loans from family and friends
250 ## - EDITION STATEMENT
Edition statement 1st ed.
260 ## - PUBLICATION, DISTRIBUTION, ETC. (IMPRINT)
Place of publication Berkeley, Calif. :
Name of publisher Nolo,
Year of publication 2009.
300 ## - PHYSICAL DESCRIPTION
Number of Pages 287 p. :
Other physical details ill. ;
Dimensions 23 cm. +
Accompanying material 1 CD-ROM (4 3/4 in.)
500 ## - GENERAL NOTE
General note Includes index.
500 ## - GENERAL NOTE
General note "All forms on CD-ROM"--Cover.
650 #0 - SUBJECT ADDED ENTRY--TOPICAL TERM
Topical Term Small business
650 #0 - SUBJECT ADDED ENTRY--TOPICAL TERM
Topical Term Business enterprises
650 #0 - SUBJECT ADDED ENTRY--TOPICAL TERM
Topical Term Self-financing.
650 #0 - SUBJECT ADDED ENTRY--TOPICAL TERM
Topical Term Commercial loans.
942 ## - ADDED ENTRY ELEMENTS (KOHA)
Koha item type សៀវភៅភាសាអង់គ្លេស
952 ## - LOCATION AND ITEM INFORMATION (KOHA)
Withdrawn status [LOCAL, KOHA] 0
952 ## - LOCATION AND ITEM INFORMATION (KOHA)
Withdrawn status [LOCAL, KOHA] 0
952 ## - LOCATION AND ITEM INFORMATION (KOHA)
Withdrawn status [LOCAL, KOHA] 0
952 ## - LOCATION AND ITEM INFORMATION (KOHA)
Withdrawn status [LOCAL, KOHA] 0
952 ## - LOCATION AND ITEM INFORMATION (KOHA)
Withdrawn status [LOCAL, KOHA] 0
Holdings
Permanent Location Date acquired Koha item type Lost status Shelving location Barcode Current Location Full call number
Library Block A2018-11-26សៀវភៅភាសាអង់គ្លេស A114A37239Library Block A658 NOL 2009 A114 Or.
Library Block A2018-11-26សៀវភៅភាសាអង់គ្លេស A114A37664Library Block A658 NOL 2009 A114 Or.
Library Block A2018-11-26សៀវភៅភាសាអង់គ្លេស A114A37981Library Block A658 NOL 2009 A114 Or.
Library Block A2018-11-26សៀវភៅភាសាអង់គ្លេស A114A37589Library Block A658 NOL 2009 A114 Or.
Library Block A2018-11-26សៀវភៅភាសាអង់គ្លេស A114A37359Library Block A658 NOL 2009 A114 Or.
មជ្ឈមណ្ឌលឯការនៃសាកលវិទ្យាល័យភូមិន្ទកសិកម្មចំការដូង

Powered by Koha